| 000 | 01488cad a22002295a 4500 | ||
|---|---|---|---|
| 001 | L153906 | ||
| 008 | 110919s2011 xxk 000 0 eng d | ||
| 035 | _a(Sirsi) u153906 | ||
| 041 | 0 | _aeng | |
| 050 | 0 | 4 | _a333.33 $2 18 |
| 110 | 2 |
_aRoyal Institution of Chartered Surveyors _bEconomics _95033 |
|
| 245 | 0 | 0 |
_aRICS global distressed property monitor _bQ2 2011 _h[electronic resource] |
| 260 |
_aLondon _bRICS _c2011 |
||
| 490 | 0 |
_aRICS Global Distressed Property Monitor _vQ2 2011 |
|
| 520 | _aThe Q2 RICS Distressed Property Monitor shows the level of distressed properties coming to market continuing to rise globally. Fifteen of the 25 countries reported on indicated the supply of distressed property was expected to increase in Q3 2011, most prominently in the Republic of Ireland followed by Spain, Italy, Hungary and Portugal. Respondents in Africa and the Middle East expect more distressed sales next quarter compared to last. In contrast, commercial real estate markets appear more stable in non-Japan Asia, Latin America and Russia where the expected supply of foreclosed properties is set to decline. | ||
| 590 | _aKA | ||
| 651 | 4 | _aInternational | |
| 690 | _aPROPERTY-COMMERCIAL PROPERTY-COMMERCIAL PROPERTY FINANCE AND INVESTMENT | ||
| 690 | _aPROPERTY-COMMERCIAL PROPERTY-COMMERCIAL PROPERTY MARKET | ||
| 856 | 4 | 0 |
_uhttps://www.rics.org/site/download_feed.aspx?fileID=10249&fileExtension=PDF _zView the document free of charge (pdf file) at www.rics.org |
| 942 | _n0 | ||
| 999 |
_c112760 _d112760 |
||